000 00292nam a22001217a 4500
008 160523b xxu||||| |||| 00| 0 eng d
020 _a0838505570
020 _a08912033
041 _aeng
080 _a615
245 _aBasic and clinical pharmacology:
_cBertram G. Katzung;
942 _2udc
_cBK
999 _c2400
_d2400